Straftat oder nicht? - Statistiken

Allgemein
  • Dieses Quiz wurde 371 mal gespielt
  • Das Durchschnittsergebnis liegt bei 2 aus 16
Answers on the Grid
Answers color-coded by a green-red scale on the quiz's grid according to % correct below.
Falschparken
Betreiben krimineller Handelsplattformen im Internet
Computerbetrug
Störung von Funkantennen
Vollrausch
Bodenverunreinigung
Steuerverschwendung
Verletzung von Grundrechten
Unerlaubter Umgang mit Abfällen
Missachtung des Denkmalschutzes
Kenterei
Verursachen von nichtionisierenden Strahlen
Summentäuschung
Aktenvernichtung
Vorsätzliche Missachtung der Mülltrennung
Wertzeichenfälschung
Störpropaganda gegen die Bundeswehr
Wehrpflichtentziehung durch Verstümmelung
Verunglimpfung von Symbolen der Europäischen Union
Vortäuschen einer Inhaberschaft
Unikatsverdopplung
Verrat in irriger Annahme eines illegalen Geheimnisses
Brechen von Wahlversprechen
Wählernötigung
Gefängnisausbruch
Gefängnisaufstand
Abfangen von Daten
Überschlagung
Unterschlagung
Bankrott
Diebstahl von Nutzvieh
Schuldnerbegünstigung
 
Antwortstatistiken
Antwort % Korrekt
Betreiben krimineller Handelsplattformen im Internet
67%
Computerbetrug
46%
Unterschlagung
15%
Vollrausch
15%
Bodenverunreinigung
12%
Wertzeichenfälschung
11%
Störpropaganda gegen die Bundeswehr
7%
Verunglimpfung von Symbolen der Europäischen Union
7%
Wählernötigung
7%
Unerlaubter Umgang mit Abfällen
6%
Abfangen von Daten
5%
Verursachen von nichtionisierenden Strahlen
5%
Bankrott
3%
Schuldnerbegünstigung
3%
Verrat in irriger Annahme eines illegalen Geheimnisses
3%
Wehrpflichtentziehung durch Verstümmelung
3%
Keine übereinstimmenden Quizze gefunden
Verteilung der Resultate
Anzahl Personen mit jedem Resultat
Perzentil nach korrekt beantworteten Fragen
Ihre Resultats-Entwicklung
Sie haben dieses Quiz noch nicht gespielt